Wider besseres Wissen - Positionspapier des Umweltbundesamtes zur Archivierbarkeit von Recyclingpapier mit dem "Blauen Engel"
| Titel: | Wider besseres Wissen - Positionspapier des Umweltbundesamtes zur Archivierbarkeit von Recyclingpapier mit dem "Blauen Engel" |
|---|---|
| Verfasser: | |
| In: |
Sächsisches Archivblatt, Heft 1 (2015), Seite 24-25 alle Artikel anzeigen |
| Veröffentlicht: | 2015 |
| Format: | Aufsatz |
X
alg: 44205659 001A $03036:30-01-19 001B $01999:30-01-19 $t23:09:25.000 001D $03036:30-01-19 001U $0utf8 001X $00 002@ $0Aox 003@ $0442056591 007A $0442056591 $aHEB 007T $0ArchMa24038 011@ $a2015 021A $aWider besseres Wissen - Positionspapier des Umweltbundesamtes zur Archivierbarkeit von Recyclingpapier mit dem "Blauen Engel" 028A $aHuck $dThomas-Sergej 031A $e1 $h24-25 $j2015 039B $aIn $8--Abvc--. Sächsisches Archivblatt. - Dresden : Sächsisches Staatsarchiv, 1992-2021 $x201500000000001976 $9048627194 045T $a8,1 lok: 44205659 105 exp: 44205659 105 1 #EPN 201B/01 $030-01-19 $t16:04:10.000 201C/01 $030-01-19 201U/01 $0utf8 203@/01 $01042444706 208@/01 $a13-12-18 $be 209A/01 $a/ $f106 $x00 245Z/01 $a2.10.01. $bArchivwissenschaft und Archivtheorie / Bestandserhaltung / Bestandserhaltung $x01 245Z/01 $a3.15.02. $bArchivwesen des Bundes- und der deutschen Bundesländer / Sachsen / Archive und Archivbestände $x02 247C/01 $8->Marburg, Bibliographie zum Archivwesen der Archivschule Marburg $939588196X
| LEADER | 00000caa a22000002c 4500 | ||
|---|---|---|---|
| 001 | 442056591 | ||
| 003 | DE-603 | ||
| 005 | 20190130230925.0 | ||
| 007 | tu | ||
| 008 | 190130s2015 xx |||| | u00||u|und c | ||
| 035 | |a (DE-599)HEB442056591 | ||
| 040 | |a DE-603 |b ger |c DE-603 |d DE-603 | ||
| 084 | |a 8,1 |2 ssgn | ||
| 100 | 1 | |a Huck, Thomas-Sergej | |
| 245 | 0 | 0 | |a Wider besseres Wissen - Positionspapier des Umweltbundesamtes zur Archivierbarkeit von Recyclingpapier mit dem "Blauen Engel" |
| 264 | 0 | |c 2015 | |
| 773 | 0 | 8 | |i In |t Sächsisches Archivblatt |d Dresden : Sächsisches Staatsarchiv, 1992-2021 |h 30 cm |g Heft 1 (2015), Seite 24-25 |w (DE-603)048627194 |w (DE-600)1151016-X |
| 924 | 0 | |9 - |a (DE-603)1042444706 |b DE- |c HES |d d |g / | |